00538nam a2200181Ia 4500003000900000008004100009040001600050080001500066100001600081245008300097250001300180260003500193300001500228650004100243650002600284650002800310700001800338IN-BaIIA211028s9999 xx 000 0 eng d cIIA Library a658.5bBAN aBanga, T. R 0aIndustrial organisation and engineering economicscT. R Banga and S. C. Sharma a14th ed. aDelhibKhanna Publishersc1986 axx, 1012p. aAstronomy and Astrophysics Thesaurus aEngineering economics aIndustrial organisation aSharma, S. C.